Big questions and big data (Registro nro. 49970)
[ vista simple ]
| 000 -CABECERA | |
|---|---|
| Longitud fija campo de control | 01144naa a2200277 c 4500 |
| 001 - NÚMERO DE CONTROL | |
| Número de control | 49970 |
| 003 - IDENTIFICADOR DE NÚMERO DE CONTROL | |
| Identificador del número de control | ES-MaCES |
| 005 - FECHA Y HORA DE LA ÚLTIMA TRANSACCIÓN | |
| Fecha y hora de la última transacción | 20170927152857.0 |
| 008 - CAMPO FIJO DE DESCRIPCIÓN FIJA--INFORMACIÓN GENERAL | |
| Códigos de información de longitud fija | 170927s2017 uk ||||| t||||||| ||eng d |
| 040 ## - FUENTE DE CATALOGACIÓN | |
| Centro catalogador de origen | ES-MaCES |
| Lengua de catalogación | spa |
| Centro transcriptor | ES-MaCES |
| Centro modificado | ES-MaCES |
| 100 1# - ENCABEZAMIENTO PRINCIPAL--NOMBRE PERSONAL | |
| 9 (RLIN) | 38566 |
| Nombre de persona | Nederveen Meerkerk, Elise Van |
| 245 10 - MENCIÓN DE TÍTULO | |
| Título | Big questions and big data |
| Resto del título | : the role of labour and labour relations in recent global economic history |
| Mención de responsabilidad, etc. | Elise Van Nederveen Meerkerk |
| 500 ## - NOTA GENERAL | |
| Nota general | Resumen |
| 650 #4 - ASIENTO SECUNDARIO DE MATERIA--TÉRMINO DE MATERIA | |
| 9 (RLIN) | 28289 |
| Término de materia o nombre geográfico como elemento inicial | trabajo |
| 650 #4 - ASIENTO SECUNDARIO DE MATERIA--TÉRMINO DE MATERIA | |
| 9 (RLIN) | 28369 |
| Término de materia o nombre geográfico como elemento inicial | relaciones laborales |
| 650 #4 - ASIENTO SECUNDARIO DE MATERIA--TÉRMINO DE MATERIA | |
| 9 (RLIN) | 26781 |
| Término de materia o nombre geográfico como elemento inicial | economía |
| 650 #4 - ASIENTO SECUNDARIO DE MATERIA--TÉRMINO DE MATERIA | |
| 9 (RLIN) | 30653 |
| Término de materia o nombre geográfico como elemento inicial | globalización económica |
| 650 #4 - ASIENTO SECUNDARIO DE MATERIA--TÉRMINO DE MATERIA | |
| 9 (RLIN) | 27032 |
| Término de materia o nombre geográfico como elemento inicial | teoría social |
| 650 #4 - ASIENTO SECUNDARIO DE MATERIA--TÉRMINO DE MATERIA | |
| 9 (RLIN) | 27251 |
| Término de materia o nombre geográfico como elemento inicial | historia |
| 650 #4 - ASIENTO SECUNDARIO DE MATERIA--TÉRMINO DE MATERIA | |
| 9 (RLIN) | 28848 |
| Término de materia o nombre geográfico como elemento inicial | recopilación de datos |
| 650 #4 - ASIENTO SECUNDARIO DE MATERIA--TÉRMINO DE MATERIA | |
| 9 (RLIN) | 29266 |
| Término de materia o nombre geográfico como elemento inicial | base de datos |
| 653 10 - TÉRMINO DE INDEXACIÓN--NO CONTROLADO | |
| Término no controlado | Relaciones laborales-Empleo |
| 773 0# - ENTRADA DE DOCUMENTO FUENTE | |
| Itemnumber del ítem fuente | 86097 |
| Lugar, editor y fecha de publicación | Cambridge (The Edinburg Building, Shatesbury Road, CB2 2RU) [etc.] Cambridge University Press [1983]- |
| Otro identificador del documento | 088995 |
| Título | International review of social history |
| Número de control del registro relacionado | (ES-MaCES)25650 |
| Parte(s) relacionada(s) | vol. 62, part 1 (Apr. 2017) {10645 R. 088995} ;p. 95-121 |
| 902 ## - CES. TIPO DE DOCUMENTO | |
| Tipodoc (006$c Sirtex) | ART Artículo de revista |
| 942 ## - ELEMENTOS KOHA | |
| Fuente de clasificaión o esquema | Clasificación propia del CES |
| Koha [por defecto] tipo de item | Artículos (1982-2017) |
| Parte de clasificación | Relaciones Laborales y Rel. Lab.- Empleo |
No hay ítems disponibles.
